Loading...
| Literature - World | 0 | 2 | 0 | 0 | 20 | 93 | 103.50 | 0 | 1 | 2.92 | 9.57 |
| Literature - British | 0 | 2 | 0 | 1 | 20 | 86 | 97.50 | 0 | 0 | 2.11 | 3.24 |
| Popular Culture | 0 | 2 | 0 | 0 | 20 | 33 | 36.50 | 1 | 1 | 22.71 | 24.37 |
| Science - Biology | 0 | 2 | 0 | 1 | 20 | 51 | 65.50 | 0 | 1 | 6.64 | 10.88 |
| History - American | 0 | 1 | 0 | 0 | 10 | 86 | 86.00 | 0 | 1 | 2.84 | 6.61 |
| History - Other | 0 | 1 | 0 | 1 | 10 | 101 | 101.00 | 0 | 0 | 0.00 | 0.76 |
| Literature - American | 0 | 1 | 0 | 0 | 10 | 73 | 73.00 | 0 | 0 | 3.22 | 4.13 |
| Mythology | 0 | 1 | 0 | 0 | 10 | 81 | 81.00 | 0 | 0 | 2.34 | 3.03 |
| Current Events | 0 | 1 | 0 | 0 | 10 | 36 | 36.00 | 1 | 1 | 11.11 | 16.67 |
| Fine Arts - Other | 0 | 1 | 0 | 0 | 10 | 83 | 83.00 | 0 | 0 | 2.47 | 4.96 |
| Fine Arts - Painting and Sculpture | 0 | 1 | 0 | 0 | 10 | 109 | 109.00 | 0 | 0 | 1.10 | 4.55 |
| Geography | 0 | 1 | 0 | 1 | 10 | 87 | 87.00 | 0 | 0 | 2.31 | 10.61 |
| Science - Other | 0 | 1 | 0 | 0 | 10 | 51 | 51.00 | 0 | 0 | 4.36 | 4.13 |
| Science - Physics | 0 | 1 | 1 | 1 | 5 | 105 | 105.00 | 0 | 0 | 0.00 | 0.76 |
| Science - Chemistry | 0 | 1 | 2 | 0 | 0 | 55 | 55.00 | 1 | 1 | 4.33 | 9.09 |